LEADER 00749nam a2200205 i 4500 001 000000040483 003 CaOOAMICUS 005 19940510000000.0 008 940510n it u000 u ita u 013 $a11653 040 $aSeMil$bita 100 1 $aHannerz, Ulf.$0(OLS)http://semarc/name/19806 245 10$aEsplorare la cittą :$bantropologia della vita urbana. 490 0 $aSaggi ;$v396 650 4$aSociologia.$0(OLS)http://semarc/subject/3570 830 0$aSaggi ;$v396.$0(OLS)http://semarc/title/341 850 $aSeMil 852 $aSeMil$W1$xVenegono$y1$m3N IV 357$j6638$B6638$CSeMilBibl$Z2$F6638 $81 961 $aAcquisto: Distributore 996 $6245$aEsplorare la cittą :$bantropologia della vita urbana$9(OLS)http://semarc/title/58171 LEADER 00934nam a2200241 i 4500 001 000000049469 003 CaOOAMICUS 005 20120604000000.0 008 120604s1973 it u000 u ita u 013 $a20640 040 $aSeMil$bita 100 1 $aPiva, Pompeo .$0(OLS)http://semarc/name/24511 245 10$aProblemi del matrimonio /$cPompeo Piva. 260 $aAssisi :$bCittadella,$cstampa 1973. 300 $a119 p. ;$c19 cm. 490 0 $aQuaderni di teologia morale ;$v6 650 4$aMatrimonio.$0(OLS)http://semarc/subject/833 830 0$aQuaderni di teologia morale ;$v6.$0(OLS)http://semarc/title/6488 850 $aSeMil 852 $aSeMil$W1$xVenegono$y1$m2E I 338$j15624$B15624$CSeMilBibl$Z2$F15624 $81 961 $aOmaggio: Colombo don Umberto 996 $6245$aProblemi del matrimonio$9(OLS)http://semarc/title/75218 996 $6260$aAssisi :$bCittadella$9(OLS)http://semarc/publisher/29661